000 00524nam a2200217Ia 4500
003 OSt
005 20140313161433.0
008 140130s9999 xx 000 0 und d
020 _a9780439583534
050 _aPZ 7
_b.B852Hal 2003
100 _aBridwell, Norman.
245 _cNorman Bridwell.
_aHalloween Howl /
260 _bScholastic Inc.,
_cc2003.
_aUSA :
300 _a24 p. :
_bcol. ill. ;
_c23 cm.
440 _v1
521 _aG1
526 _c230
942 _cBK
_2lcc
999 _c40002
_d40002